书目信息 |
| 题名: |
韩非子
|
|
| 作者: | 韩非 撰 | |
| 分册: | 四 | |
| 出版信息: | 杭州 浙江书局 1875年(光绪元年) |
|
| 页数: | 1册 | |
| 开本: | 24.5*15cm | |
| 丛书名: | ||
| 单 册: | ||
| 中图分类: | B226.5 | |
| 科图分类: | ||
| 主题词: | ||
| 电子资源: | ||
| ISBN: | ||
| 000 | 00600nam0 2200205 450 | |
| 001 | 0634346281 | |
| 005 | 20061018101234.65 | |
| 010 | @b线装@dCNY4.00(函) | |
| 100 | @a20061018d1875 km y0chiy0120 ea | |
| 101 | 0 | @achi |
| 102 | @aCN@b330000 | |
| 200 | 1 | @a韩非子@Ahan fei zi@h四@f(战国)韩非撰@F(zhan guo)han fei zhuan@Gwang xian qian ji |
| 210 | @a杭州@c浙江书局@d1875年(光绪元年) | |
| 215 | @a1册@d24.5*15cm | |
| 300 | @a一至六为一函 | |
| 305 | @a本书由浙江书局据吴氏影宋乾道本刊刻 | |
| 690 | @aB226.5@v3 | |
| 701 | 0 | @a韩非@Ahan fei@4撰 |
| 801 | 0 | @aCN@bPFT@c20061018 |
| 905 | @a10447@dB226.5@e15:4 | |
| 韩非子.四/(战国)韩非撰.-杭州:浙江书局,1875年(光绪元年) |
| 1册;24.5*15cm |
| 一至六为一函 |
| ISBN (线装):CNY4.00(函) |
| ● |
| 相关链接 |
|
|
|
|
正题名:韩非子
索取号:B226.5/15:4
 
预约/预借
| 序号 | 登录号 | 条形码 | 馆藏地/架位号 | 状态 | 备注 |
| 1 | 0266144 | 202404852 | 古籍典藏专区/ [索取号:B226.5/15:4] | 在馆 |